Quizzes
Events
Quiz Creation
Community
Videos
Private Events
Remove Ads
Sign In
Join for FREE
Feedback
Dark Mode
Quiz Categories
Sports
Geography
Music
Movies
Television
Just For Fun
Miscellaneous
History
Literature
Language
Science
Gaming
Entertainment
Religion
Holiday
For Kids
Quiz Lab
Recent
Popular Today
Quiz Kudos Today
Editor Picks
Curator Picks
Quizzes by...
Day
Popularity
Type
Ratings
Length
Year
Community
Subscriptions
Recent Discussions
Orange Saloon
Badges
Playlists
Quests
Create
Leaderboards
Showdown
Live 5
Trivia Bingo
Activity
Puzzle Library
Sporcle Events
Private Events
Virtual Trivia
Globe League
Become a Host
Pub Owners
SporcleCon
Opinionation
Our Games
Videos
Blog
Mobile Apps
Partnerships
Remove Ads and Go Orange
Feedback
History
US Presidents
World Leaders
Politics
Nation
Discovery
War
Decade
Year
Century
Biography
Art
History
US Presidents
World Leaders
Politics
Nation
Discovery
War
Decade
Year
Century
Biography
Art
Random Quiz
Search Sporcle
×
Quiz Lab
Quiz Lab
History
World Leaders
Type in answers that appear in a list
Type in answers that appear in a list
Classic
Best Score? Go Orange.
Prime Ministers of Kyrgyzstan Stats
Can you name the Prime Ministers of Kyrgyzstan?
By
IssamHalabi
10m
28 Questions
19 Plays
19 Plays
19 Plays
Comments
Comments
Give Quiz Kudos
Give Quiz Kudos
-
- Ratings
hide this ad
More Info
Replay
Link that replays current quiz
Next Quiz
Link to next quiz in quiz playlist
You Got
0%
They Got
Avg Score
72%
Avg Friend Score
Upgrade to see
Score Distribution
Jump to the score distribution portion of the page
Score
0/28
Timer
10:00
0
Plays Today
Inauguration
Prime Minister
% Correct
January 21, 1991
Nasirdin Isanov
89.5%
December 23, 1998 (Acting)
Boris Silayev
78.9%
April 4, 1998 (Acting)
Boris Silayev
78.9%
August 15, 2005
Felix Kulov
78.9%
10 February 1992
Tursunbek Chyngyshev
73.7%
December 14, 1993
Apas Jumagulov
73.7%
March 14, 1998
Kubanychbek Jumaliyev
73.7%
December 25, 1998
Jumabek Ibraimov
73.7%
December 21, 2000
Kurmanbek Bakiyev
73.7%
Match 25, 2005
Kurmanbek Bakiyev
73.7%
June 20, 2005 (Acting)
Medetbek Kerimkulov
73.7%
March 29, 2007
Almazbek Atambayev
73.7%
December 17, 2010
Almazbek Atambayev
73.7%
September 23, 2011 (Acting)
Omurbek Babanov
73.7%
Inauguration
Prime Minister
% Correct
November 14, 2011
Almazbek Atambayev
73.7%
December 1, 2011
Omurbek Babanov
73.7%
29 November 1991 (Acting)
Andrey Iordan
68.4%
December 13, 1993 (Acting)
Almanbet Matubraimov
68.4%
April 12, 1999
Amangeldy Muraliyev
68.4%
January 29, 2007
Azim Isabekov
68.4%
November 28, 2007 (Acting)
Iskenderbek Aidaraliyev
68.4%
December 24, 2007
Igor Chudinov
68.4%
October 21, 2009
Daniar Usenov
68.4%
September 1, 2012 (Acting)
Aaly Karashev
68.4%
September 5, 2012
Zhantoro Satybaldiyev
68.4%
March 25, 2014
Djoomart Otorbaev
68.4%
May 1, 2015
Temir Sariyev
68.4%
May 22, 2002
Nikolay Tanayev
63.2%
Quiz Playlist
Details
Report
Send in Message
Add To Playlist
More Info:
Can you name the Prime Ministers of Sporcle's favorite country?
Classic:
Type in answers that appear in a list
Quiz Source
Last Updated: Feb 16, 2017
Quiz Scoreboard
CHALLENGE
Sign Up to Join the Scoreboard
Show All
Scores
Hide
Comments
May contain spoilers
Recently Published
Movies - When Are They Set?
by FPL_Elf
Movies
5m
Popular People in 1961
by mucciniale
History
6m
1-10 Letter E Words III
by El_Dandy
Language
2m
More to Explore
Quiz From the Vault
Featured Blog Post
Where Did the Easter Bunny Come From?
hide this ad
You Might Also Like...
Tags
Asia Quiz
World Leaders Quiz
Central Asia
Head of State
Kyrgyzstan
Prime Ministers
republic
Today's Top Quizzes in History
Browse History
hide this ad
Today's Top Quizzes in World Leaders
Browse World Leaders
Top Contributed Quizzes in History
1
Popular People in 1991
2
Popular People in 1981
3
Popular People in 1951
4
Popular People in 1941
5
Popular People in 1986
6
Popular People in 1921
7
Popular People in 1976
8
I Am Born On March 28th
9
Popular People in 1946
10
Popular People in 1936
Explore More
Trending Topics
Disney
Kpop
Marvel
Anime
Crossword
NBA
Harry Potter
WWE
Song
Country
Soccer
NFL
Pokémon
Puzzle
The Office
hide this ad
More By:
IssamHalabi
Quiz
Plays
Rating
Category
Featured
Created
The 10 Companions Who Were Promised Paradise
210
3.00
Religion
Aug 13, 2015
Lineage of Muhammad
155
5.00
History
Jun 22, 2015
Ayyubid Sultans of Egypt
33
5.00
History
Aug 24, 2015
Universal Century Gundam Shows
21
Television
Dec 31, 2023
Prime Ministers of Kyrgyzstan
19
3.50
History
Aug 24, 2015
Go to Creator's Profile
Score Distribution
Quiz Creator Spotlight
IssamHalabi
Follow
Send a Message
Quizzes Created
-
Created Quiz Play Count
-
More By This Creator
Popular Quizzes Today
1
Find the US States - No Outlines Minefield
2
Find the Countries of Europe - No Outlines Minefield
3
The Countries of the World
4
Popular People in 1961
5
1-10 Letter E Words III
6
US States
7
Find the US States
8
One Thing in Common: World Cities II
More History Quizzes
Historical Events of 2011
Published
Trending Quizzes
Risky Map Clicking: Least Populous States A-Z
1-10 Letter F Words
1-10 Letter G Words
One Thing in Common: United Kingdom
Risky Map Clicking: Next State Alphabetically
Recently Updated
Leaping Animals
pecheneg
Reality TV Shows (A-Z)
bhenderson79
Rickey Henderson's Hall of Fame Teammates
pecheneg
Champions League XIs: Arsenal
pecheneg
Quick Pick: Celebrities in WWE's Hall of Fame
aduchscher
A-Z Keypad Blitz II
pecheneg
Multiple Oscar Actors
pecheneg
Mystery Phrase Blitz: Oscar 'Best Actors'
pecheneg
F. Scott Fitzgerald Novels
LTH
Pick 3 Villains
ddd62291
Trending Topics
NBA
Marvel
Disney
Harry Potter
Crossword
Kpop
Anime
The Office
Pokémon
Soccer
WWE
Country
Song
Puzzle
NFL
Your Account Isn't Verified!
In order to create a playlist on Sporcle, you need to verify the email address you used during registration. Go to your
Sporcle Settings
to finish the process.
Report this User
Report this user for behavior that violates our
Community Guidelines
.
Details:
Send Report
Go to the Sporcle.com Mobile Site →
Comments